LEADER 00867cam0 22002771 450 001 SOBE00032419 005 20130424133809.0 010 $a0920717934 100 $a20130424d1996 |||||ita|0103 ba 101 $aeng 102 $aCA 200 1 $aAstoria$ea novel$fRobert Viscusi 210 $aToronto$aNew York$cGuernica$d1996 215 $a313 p.$d19 cm 225 2 $aProse series$v26 410 1$1001SOBE00032420$12001 $a*Prose series$v26 700 1$aViscusi$b, Robert$3SOBA00006500$4070$0679735 801 0$aIT$bUNISOB$c20130424$gRICA 850 $aUNISOB 852 $aUNISOB$jFondo|Durante$m160210 912 $aSOBE00032419 940 $aM 102 Monografia moderna SBN 941 $aM 957 $aFondo|Durante$b000093$gSI$d160210$hDurante$1carrano$2UNISOB$3UNISOB$420130426102221.0$520130513140659.0$6menle 996 $aAstoria$91645730 997 $aUNISOB